Thuật ngữ báo chí - truyền thông

שמור ב:
מידע ביבליוגרפי
מחבר ראשי: Phạm, Thành Hưng
פורמט: ספר
שפה:Undetermined
יצא לאור: Hà Nội Đại học Quốc gia Hà Nội 2007
נושאים:
תגים: הוספת תג
אין תגיות, היה/י הראשונ/ה לתייג את הרשומה!
Thư viện lưu trữ: Trung tâm Học liệu Trường Đại học Cần Thơ
LEADER 00551nam a2200193Ia 4500
001 CTU_131089
008 210402s9999 xx 000 0 und d
020 |c 31500 
082 |a 070.4 
082 |b H556 
100 |a Phạm, Thành Hưng 
245 0 |a Thuật ngữ báo chí - truyền thông 
245 0 |c Phạm Thành Hưng 
260 |a Hà Nội 
260 |b Đại học Quốc gia Hà Nội 
260 |c 2007 
650 |a Journalism 
904 |i Hiếu 
980 |a Trung tâm Học liệu Trường Đại học Cần Thơ